An Inspector Calls Quotes Quiz Stats

 Plays Quiz not verified by Sporcle

Score 0/38 Timer 05:00
0 Plays Today
Quote Answer % Correct
'A man has to mind __ own business'his
85%
'there isn't a chance of war... the Titanic... ____, absolutely ____'unsinkable
82.6%
'But these girls aren't cheap labour - they're ____'people
79.5%
'girls of ____ ____'that class
78.4%
'But you're beginning all over again to pretend nothing much has _______'happened
72.5%
'they will be taught in fire and blood and ____'anguish
72.3%
'pink and ____'intimate
71.4%
'I did nothing I'm _____ of'ashamed
70.6%
'I'm ______ of you as well'ashamed
70.6%
'It was my own ____' fault
67.7%
'brighter and ____'harder
64.6%
but there are _____ and _____ and _____ of Eva Smiths'millions
63.9%
'We are responsible for ____ ____'each other
61.4%
'Everything's all right now Sheila. Now, what about this ___?'ring
61.1%
'you ____ her'killed
59.3%
'We are ____ of one body'members
59.2%
'all that _____'nonsense
56.7%
'I've got to ____ this up as soon as I can'cover
54.5%
'come down sharply on some of ____ people'these
53.4%
Quote Answer % Correct
'I'll ____, ____ do it again to anybody'never
53.1%
'half shy, ___ _____'half assertive
51.6%
'By Jingo! A ___!'fake
48.3%
'makes all the _____'difference
47.4%
'cold woman and her husband's ____ ____'social superior
46.8%
'We don't live ____'alone
45%
'we'll have to share our ___'guilt
44.2%
'If we were all responsible... it would be very _____'awkward
43.4%
'There'll be a _____ ______'public scandal
41.4%
'My God - I'm not likely to ____'forget
38.1%
'a heavy-looking, rather _____'portentious
36.1%
'well-bred young ___-____-____'man about town
35.8%
'you two who are being ____ - trying not to face the facts'childish
35.2%
'it ____ me the way you talk'frightens
35.2%
'one of the things that ______ me against her case'prejudiced
32.5%
'we're _____ citizens and not criminals'respectable
32.5%
'I don't _____ __. I won't ____ __'believe it
30.3%
I felt _____ about it at the time and now I feel a lot worserotten
28%
'It's about time you learnt to face a few _____'responsibilities
23.1%

You're not logged in!

Compare scores with friends on all Sporcle quizzes.
OR
Log In

Show Comments

Extras

Created May 14, 2017ReportNominate
Tags:Quote Quiz, call, extra, inspector

Top Quizzes Today


Score Distribution

Your Account Isn't Verified!

In order to create a playlist on Sporcle, you need to verify the email address you used during registration. Go to your Sporcle Settings to finish the process.

Report this User

Report this user for behavior that violates our Community Guidelines.

Details: